<?xml version="1.0" encoding="UTF-8"?><?xml-stylesheet type="text/xsl" href="static/style.xsl"?><OAI-PMH xmlns="http://www.openarchives.org/OAI/2.0/" xmlns:xsi="http://www.w3.org/2001/XMLSchema-instance" xsi:schemaLocation="http://www.openarchives.org/OAI/2.0/ http://www.openarchives.org/OAI/2.0/OAI-PMH.xsd"><responseDate>2026-04-17T02:51:13Z</responseDate><request verb="GetRecord" identifier="oai:www.recercat.cat:10459.1/466724" metadataPrefix="marc">https://recercat.cat/oai/request</request><GetRecord><record><header><identifier>oai:recercat.cat:10459.1/466724</identifier><datestamp>2025-09-08T18:18:16Z</datestamp><setSpec>com_2072_3622</setSpec><setSpec>col_2072_479130</setSpec></header><metadata><record xmlns="http://www.loc.gov/MARC21/slim" xmlns:dcterms="http://purl.org/dc/terms/" xmlns:xsi="http://www.w3.org/2001/XMLSchema-instance" xmlns:doc="http://www.lyncode.com/xoai" xsi:schemaLocation="http://www.loc.gov/MARC21/slim http://www.loc.gov/standards/marcxml/schema/MARC21slim.xsd">
   <leader>00925njm 22002777a 4500</leader>
   <datafield ind2=" " ind1=" " tag="042">
      <subfield code="a">dc</subfield>
   </datafield>
   <datafield ind2=" " ind1=" " tag="720">
      <subfield code="a">Alòs Pascual, Josep</subfield>
      <subfield code="e">author</subfield>
   </datafield>
   <datafield ind2=" " ind1=" " tag="260">
      <subfield code="c">2024-10-11T11:22:28Z</subfield>
   </datafield>
   <datafield ind2=" " ind1=" " tag="260">
      <subfield code="c">2025-07-18T22:05:23Z</subfield>
   </datafield>
   <datafield ind2=" " ind1=" " tag="260">
      <subfield code="c">2024-07-18</subfield>
   </datafield>
   <datafield ind2=" " ind1=" " tag="520">
      <subfield code="a">Aquest document presenta els resultats de la tesi "Synergies and Applications of Maximum Satisfiability and Automatic Configuration", on hem treballat amb la tecnologia de la Màxima Satisfactibilitat (MaxSAT) i la tecnologia de configuració automàtica (AC), i crea sinergies entre elles per millorar-ne l'eficàcia.&#xd;
En particular, podem dividir aquest treball en tres blocs principals:&#xd;
&#xd;
En primer lloc, hem explorat com aplicar la tecnologia MaxSAT al problema de l'Arbre de Decisió Pur Mínim (MPDT problem). Proporcionem una nova codificació MaxSAT per al problema i una estratègia de resolució alternativa. Mostrem l'eficàcia del nostre enfocament, obtenint resultats similars o millors que l'eina Scikit-Learn.&#xd;
&#xd;
El segon bloc aplica la tecnologia d'AC de forma exitosa al problema d'ajustar models epidèmics. Presentem un enfocament agnòstic que permet ajustar els models epidèmics usats en els processos de decisió, i demostrem que el nostre enfocament aconsegueix ajustar millor que alguns mètodes existents. Finalment, presentem una eina que facilita l'ús d'aquesta tecnologia.&#xd;
&#xd;
Finalment, l'últim bloc se centra a connectar MaxSAT i AC per millorar el rendiment dels resolutors MaxSAT anytime. Mostrem que podem millorar els resultats que van aconseguir aquests resolutors en la MaxSAT Evaluation 2023. La novetat presentada és un nou enfocament per crear "sequential portfolios" a partir de configuracions descartades durant el procés d'AC i aconsegueixen obtenir resultats encara millors.</subfield>
   </datafield>
   <datafield ind2=" " ind1=" " tag="520">
      <subfield code="a">Este documento presenta los resultados de la tesis “Synergias y Applications of Maximum Satisfiability and Automatic Configuration”, donde hemos trabajado con la tecnología de la Máxima Satisfactibilidad (MaxSAT) y la tecnología de configuración automática (AC), y crea sinergias entre ellas para mejorar su eficacia.&#xd;
En particular, podemos dividir este trabajo en tres bloques principales:&#xd;
&#xd;
En primer lugar, hemos explorado cómo aplicar la tecnología MaxSAT al problema del Árbol de Decisión Puro Mínimo (MPDT problem). Proporcionamos una nueva codificación MaxSAT para el problema y una estrategia de resolución alternativa. Mostramos la eficacia de nuestro enfoque, obteniendo resultados similares o mejores que Scikit-Learn.&#xd;
&#xd;
El segundo bloque aplica la tecnología de AC de forma exitosa en el problema de ajustar modelos epidémicos. Presentamos un enfoque agnóstico que permite ajustar los modelos epidémicos usados ​​en los procesos de decisión, demostrando que nuestro enfoque consigue ajustar mejor que algunos métodos existentes. Por último, presentamos una herramienta que facilita el uso de esta tecnología.&#xd;
&#xd;
Por último, el último bloque se centra en conectar MaxSAT y AC para mejorar el rendimiento de los resolutores MaxSAT anytime. Mostramos podemos mejorar los resultados que consiguieron estos resolutores en la MaxSAT Evaluation 2023. La novedad presentada es un nuevo enfoque para crear “sequential portfolios” a partir de configuraciones descartadas durante el proceso de AC para obtener mejores resultados.</subfield>
   </datafield>
   <datafield ind2=" " ind1=" " tag="520">
      <subfield code="a">This document presents the results of the thesis "Synergies and Applications of Maximum Satisfiability and Automatic Configuration", which works with the technology of Maximum Satisfiability (MaxSAT) and the technology of Automatic Configuration (AC), and creates synergies between them to improve their effectiveness.&#xd;
In particular, we can divide this work into three main blocks:&#xd;
&#xd;
First, we explored how to apply MaxSAT technology to the Minimum Pure Decision Tree problem (MPDT problem). We provide a new MaxSAT encoding for the problem and an alternative solution strategy. We show the effectiveness of our approach, obtaining similar or better results than the Scikit-Learn tool.&#xd;
&#xd;
The second block successfully applies AC technology to the problem of fitting epidemic models. We present an agnostic approach that allows fitting epidemic models used in decision processes, and we demonstrate that our approach manages to fit better than some existing methods. Finally, we present a tool that facilitates the use of this technology.&#xd;
&#xd;
Finally, the last blog focuses on connecting MaxSAT and AC to improve the performance of MaxSAT anytime solvers. We show that we can improve the results achieved by these solvers in the MaxSAT Evaluation 2023. The novelty presented is a new approach to creating "sequential portfolios" from configurations discarded during the AC process to manage to obtain even better results.</subfield>
   </datafield>
   <datafield ind2=" " ind1=" " tag="520">
      <subfield code="a">Programa de Doctorat en Enginyeria i Tecnologies de la Informació</subfield>
   </datafield>
   <datafield tag="653" ind2=" " ind1=" ">
      <subfield code="a">MaxSAT</subfield>
   </datafield>
   <datafield tag="653" ind2=" " ind1=" ">
      <subfield code="a">AC</subfield>
   </datafield>
   <datafield tag="653" ind2=" " ind1=" ">
      <subfield code="a">Intel·ligència Artificial</subfield>
   </datafield>
   <datafield tag="653" ind2=" " ind1=" ">
      <subfield code="a">Inteligencia Artificial</subfield>
   </datafield>
   <datafield tag="653" ind2=" " ind1=" ">
      <subfield code="a">Artificial Intelligence</subfield>
   </datafield>
   <datafield tag="653" ind2=" " ind1=" ">
      <subfield code="a">Ciències de la Computació i Intel·ligència Artificial</subfield>
   </datafield>
   <datafield tag="653" ind2=" " ind1=" ">
      <subfield code="a">004</subfield>
   </datafield>
   <datafield ind2="0" ind1="0" tag="245">
      <subfield code="a">Synergies and Applications of Maximum Satisfiability and Automatic Configuration</subfield>
   </datafield>
</record></metadata></record></GetRecord></OAI-PMH>